| 000 | 00866nam a2200229Ia 4500 | ||
|---|---|---|---|
| 001 | 12678 | ||
| 003 | GE_BSU | ||
| 008 | 181216s||||||||xx |||||||||||||| ||und|| | ||
| 040 | _cGE_BSU | ||
| 080 | _a632.7 | ||
| 100 | _aВолков,А.Н. Герасимов,Б.А. Заринг,П.В. | ||
| 245 | _aПособие по борьбе с вредителями и болезнями сельскохозяйсвенных культур | ||
| 245 | _cПод.ред.В.С.Чувахина | ||
| 250 | _a8-ое перераб.и испр. | ||
| 260 | _aМосква | ||
| 260 | _bСельхозиздат | ||
| 260 | _c1955 | ||
| 300 | _a686стр.20см. | ||
| 300 | _eПриложение с.674 | ||
| 653 | _aПособие по борьбе с вредителями и болезнями сельскохозяйсвенных культур | ||
| 942 | _cBK | ||
| 999 |
_c45849 _d45849 |
||